Korea observer: a quarterly journal
Сохранить в:
| Соавтор: | |
|---|---|
| Формат: | |
| Язык: | английский |
| Опубликовано: |
Seúl
Seoul Computer Press
1996
|
| Предметы: | |
| Метки: |
Добавить метку
Нет меток, Требуется 1-ая метка записи!
|
MARC
| LEADER | 00000nam a2200000 a 4500 | ||
|---|---|---|---|
| 001 | UCR6182 | ||
| 003 | CL-VaPUC | ||
| 008 | 980420e19960000KO |||||||||||||||||eng|d | ||
| 082 | 0 | 4 | |a 338 |b THE |2 21 |
| 110 | 2 | |a The Institute of Korean Studies |e author |9 407378 | |
| 245 | 1 | 0 | |a Korea observer: a quarterly journal |
| 300 | |a v 27 | ||
| 942 | |c BK | ||
| 945 | |d 19980420 00:00:00 |a rbrito | ||
| 260 | |a Seúl |b Seoul Computer Press |c 1996 | ||
| 650 | 0 | |a Desarrollo económico |9 259599 | |
| 650 | 0 | |a Política |9 255312 | |
| 650 | 0 | |a Relaciones Internacionales |9 255740 | |
| 650 | 0 | |a Industrialización |9 263687 | |
| 651 | 7 | |a COREA |2 CL-VaPUC |9 317315 | |
| 583 | |a last modification |c 19980420 00:00:00 |k Rodrigo Vera | ||
| 999 | |c 268483 |d 268481 | ||
| 952 | |0 0 |1 0 |4 0 |6 338_000000000000000_THE_1996 |7 0 |8 F |9 301651 |a BIBGIM |b BIBGIM |d 2019-11-20 |h v27 |i 3411362 |o 338 THE 1996 |p 3411362 |r 2025-01-15 |w 2019-11-20 |y BK_F |k ORI | ||